[Event "FRA-chT2 West 0607"]
[Site "France"]
[Date "2006.11.26"]
[Round "3.5"]
[White "Ognard, Philippe"]
[Black "Betton, Olivier"]
[Result "1-0"]
[WhiteElo "1920"]
[BlackElo "2171"]
[PlyCount "77"]
[EventDate "2006.10.15"]
[EventType "team"]
[EventRounds "11"]
[EventCountry "FRA"]
[SourceTitle "EXT 2008"]
[Source "ChessBase"]
[SourceDate "2007.11.25"]
[SourceVersion "1"]
[SourceVersionDate "2007.11.25"]
[SourceQuality "1"]
[WhiteTeam "Le Mans"]
[BlackTeam "Bordeaux ASPOM"]
[WhiteTeamCountry "FRA"]
[BlackTeamCountry "FRA"]

1. e4 c6 2. Nc3 d5 3. Qf3 dxe4 4. Nxe4 Nd7 5. d4 Ngf6 6. c3 Nxe4 7. Qxe4 Nf6 8. Qh4 Bf5 9. Nf3 e6 10. Be2 Be7 11. 0-0 0-0 12. Bg5 h6 13. Bxf6 Bxf6 14. Qg3 Qb6 15. b4 a5 16. a3 Qa7 17. Rac1 axb4 18. axb4 Qa2 19. Rfe1 Ra3 20. Ne5 Rd8 21. Nc4 Ra7 22. h3 Be4 23. Ra1 Qxa1 24. Rxa1 Rxa1+ 25. Kh2 Re1 26. Bg4 Ra8 27. f3 Raa1 28. Qb8+ Kh7 29. fxe4 Rh1+ 30. Kg3 Rac1 31. Ne5 Rxc3+ 32. Bf3 h5 33. Qf8 h4+ 34. Kg4 Bxe5 35. dxe5 Kg6 36. Kxh4 Re1 37. Bh5+ Kh7 38. Bxf7 Rxe4+ 39. g4 1-0

[Event "FRA-chT2 West 0607"]
[Site "France"]
[Date "2006.11.25"]
[Round "2.5"]
[White "Ognard, Philippe"]
[Black "Le Ruyet, Leopold"]
[Result "0-1"]
[WhiteElo "1920"]
[BlackElo "2011"]
[PlyCount "68"]
[EventDate "2006.10.15"]
[EventType "team"]
[EventRounds "11"]
[EventCountry "FRA"]
[SourceTitle "EXT 2008"]
[Source "ChessBase"]
[SourceDate "2007.11.25"]
[SourceVersion "1"]
[SourceVersionDate "2007.11.25"]
[SourceQuality "1"]
[WhiteTeam "Le Mans"]
[BlackTeam "Sautron"]
[WhiteTeamCountry "FRA"]
[BlackTeamCountry "FRA"]

1. e4 e6 2. d4 d5 3. Nc3 Bb4 4. e5 Ne7 5. a3 Bxc3+ 6. bxc3 c5 7. Qg4 Qc7 8. Qxg7 Rg8 9. Qxh7 cxd4 10. Ne2 Nbc6 11. f4 Bd7 12. Qd3 dxc3 13. Nxc3 a6 14. Rb1 Rc8 15. Bd2 Na5 16. Qd4 b5 17. Qb4 Nb7 18. g3 Nc6 19. Qb2 Nd4 20. Bg2 Na5 21. Bxd5 exd5 22. Nxd5 Qc4 23. Nf6+ Ke7 24. Bb4+ Ke6 25. c3 Qd3 26. Qa2+ Kf5 27. cxd4 Rc2 28. Qxc2 Qxc2 29. 0-0 Rh8 30. h4 Qd3 31. g4+ Kg6 32. h5+ Kg7 33. Kh2 Bxg4 34. Rg1 Qh3# 0-1